Statistics for Cubs opening day starters since 1996

Click here to take the quiz!

General Stats

  • This quiz has been taken 70 times
  • The average score is 12 of 21

Answer Stats

Answer% Correct
2015Jon Lester
90%
2003Kerry Wood
90%
2004Kerry Wood
90%
2006Carlos Zambrano
81%
2007Carlos Zambrano
81%
2005Carlos Zambrano
81%
2010Carlos Zambrano
81%
2009Carlos Zambrano
81%
2008Carlos Zambrano
81%
2016Jake Arrieta
79%
2011Ryan Dempster
47%
2012Ryan Dempster
47%
2002Jon Lieber
34%
2001Jon Lieber
34%
2000Jon Lieber
34%
1999Steve Trachsel
31%
2013Jeff Samardzija
29%
2014Jeff Samardzija
29%
1998Kevin Tapani
19%
1997Terry Mulholland
14%
1996Jaime Navarro
12%

Score Distribution

Percentile by Number Answered

Percent of People with Each Score

Your Score History

You have not taken this quiz